FUNDAMENTALS OF ENGINEERING PHYSICS (Record no. 8208)

MARC details
000 -LEADER
fixed length control field 00417nam a22001457a 4500
003 - CONTROL NUMBER IDENTIFIER
control field SGT
082 ## - DEWEY DECIMAL CLASSIFICATION NUMBER
Classification number 530
Item number KHU
100 ## - MAIN ENTRY--PERSONAL NAME
Personal name KHURANA,MEENAKSHI.S
245 ## - TITLE STATEMENT
Title FUNDAMENTALS OF ENGINEERING PHYSICS
260 ## - PUBLICATION, DISTRIBUTION, ETC. (IMPRINT)
Place of publication, distribution, etc NEW DELHI
Name of publisher, distributor, etc MANAV RACHNA PUBLISHING HOUSEPVT. LTD.
Year of Publication 2009
300 ## - PAGE DESCRIPTION
No. of Pages 325
650 ## - SUBJECT ADDED ENTRY--TOPICAL TERM
Topical term or geographic name as entry element PHYSICS
653 ## - KEYWORDS--INDEX TERM
Keyword term CRYSTAL STRUCTURE, QUANTUM PHYSICS,SCHRODINGER EQUATION AND QUANTUM STATISTICS
942 ## - ADDED ENTRY ELEMENTS (KOHA)
Source of classification or shelving scheme Dewey Decimal Classification
Koha item type Books
Holdings
Withdrawn status Lost status Source of classification or shelving scheme Damaged status Use restrictions Not for loan Home library Current library Shelving location Date acquired Vendor Name Cost, normal purchase price SGTU Full call number Accession No. (Barcode) Date last seen Bill Date Koha item type
    Dewey Decimal Classification   Restricted Access Not For Loan SGT Engineering Library SGT Engineering Library Reference Book 05/01/2016 GIFTED 225.00 SGTU 530 KHU FE6426 05/01/2016 05/01/2016 Books